Sports Quiz

Random Sports Quiz

Super Bowl QBs from Louisiana Quiz Stats

 Plays Quiz not verified by Sporcle

Support Sporcle.
Go Orange.
Score 0/7 Timer 04:00
0 Plays Today
Starting QB % Correct
Terry Bradshaw
83.2%
Peyton Manning
78.9%
Eli Manning
78.9%
Jake Delhomme
49.6%
Doug Williams
47.3%
Stan Humphries
25.8%
David Woodley
22.3%

You're not logged in!

Compare scores with friends on all Sporcle quizzes.
OR
Log In

From the Vault

Click the Flick IV

by MSUKent

With good movies comes good trivia! Find out 25 things you didn't know about the making of some of your favorite films.
Remove Ads.
Support Sporcle.
Get the best of Sporcle when you Go Orange. This ad-free experience offers more features, more stats, and more fun while also helping to support Sporcle. Thank you for becoming a member.

Show Comments

Extras

Top Quizzes Today


Score Distribution

Your Account Isn't Verified!

In order to create a playlist on Sporcle, you need to verify the email address you used during registration. Go to your Sporcle Settings to finish the process.

Report this User

Report this user for behavior that violates our Community Guidelines.

Details: